Normal view
MARC view
- جكلي،زينب بيرة
Entry Personal Name
001 - CONTROL NUMBER
- control field: 13198
003 - CONTROL NUMBER IDENTIFIER
- control field: JO-AjAnu
005 - DATE AND TIME OF LATEST TRANSACTION
- control field: 20230606072418.0
008 - FIXED-LENGTH DATA ELEMENTS
- fixed length control field: 230606|| aca||aabn | a|a d
040 ## - CATALOGING SOURCE
- Original cataloging agency: JO-AjAnu
- Transcribing agency: JO-AjAnu
100 ## - HEADING--PERSONAL NAME
- Personal name: جكلي،زينب بيرة
670 ## - SOURCE DATA FOUND
- Source citation: Work cat.: (JO-AjAnu)6790: جكلي،زينب بيرة, author, شعر الثورات الداخلية الجزء الثاني الفنون الشعرية والدراسات الفنية، ج2